<?xml version="1.0" encoding="UTF-8"?>
<record
    xmlns:xsi="http://www.w3.org/2001/XMLSchema-instance"
    xsi:schemaLocation="http://www.loc.gov/MARC21/slim http://www.loc.gov/standards/marcxml/schema/MARC21slim.xsd"
    xmlns="http://www.loc.gov/MARC21/slim">

  <leader>00773nam a2200205Ia 4500</leader>
  <controlfield tag="003">SEM</controlfield>
  <datafield tag="999" ind1=" " ind2=" ">
    <subfield code="c">51405</subfield>
    <subfield code="d">51405</subfield>
  </datafield>
  <controlfield tag="005">20220608072004.0</controlfield>
  <controlfield tag="008">141116s9999    xx            000 0 arm d</controlfield>
  <datafield tag="020" ind1=" " ind2=" ">
    <subfield code="a">5808406676</subfield>
  </datafield>
  <datafield tag="040" ind1=" " ind2=" ">
    <subfield code="a">SEM</subfield>
    <subfield code="c">SEM</subfield>
  </datafield>
  <datafield tag="041" ind1=" " ind2=" ">
    <subfield code="a">arm</subfield>
  </datafield>
  <datafield tag="080" ind1=" " ind2=" ">
    <subfield code="a">347.61(47.925)(075.8)/&#x542;-46</subfield>
  </datafield>
  <datafield tag="100" ind1=" " ind2=" ">
    <subfield code="a">&#x542;&#x561;&#x580;&#x561;&#x56D;&#x561;&#x576;&#x575;&#x561;&#x576; &#x533;&#x565;&#x572;&#x561;&#x574;</subfield>
  </datafield>
  <datafield tag="245" ind1=" " ind2=" ">
    <subfield code="a">&#x540;&#x561;&#x575;&#x561;&#x57D;&#x57F;&#x561;&#x576;&#x56B; &#x540;&#x561;&#x576;&#x580;&#x561;&#x57A;&#x565;&#x57F;&#x578;&#x582;&#x569;&#x575;&#x561;&#x576; &#x568;&#x576;&#x57F;&#x561;&#x576;&#x565;&#x56F;&#x561;&#x576; &#x56B;&#x580;&#x561;&#x57E;&#x578;&#x582;&#x576;&#x584;:</subfield>
    <subfield code="b">&#x534;&#x561;&#x57D;&#x561;&#x563;&#x56B;&#x580;&#x584; &#x562;&#x578;&#x582;&#x570;&#x565;&#x580;&#x56B; &#x570;&#x561;&#x574;&#x561;&#x580;: /</subfield>
    <subfield code="c"> &#x533;. &#x542;&#x561;&#x580;&#x561;&#x56D;&#x561;&#x576;&#x575;&#x561;&#x576;; &#x53D;&#x574;&#x562;.&#x55D; &#x53F;. &#x532;&#x561;&#x580;&#x57D;&#x565;&#x572;&#x575;&#x561;&#x576;</subfield>
  </datafield>
  <datafield tag="260" ind1=" " ind2=" ">
    <subfield code="a">&#x535;&#x580;&#x587;&#x561;&#x576;:</subfield>
    <subfield code="b">&#x535;&#x580;&#x587;&#x561;&#x576;&#x56B; &#x570;&#x561;&#x574;&#x561;&#x56C;&#x57D;&#x561;&#x580;&#x561;&#x576;&#x56B; &#x570;&#x580;&#x561;&#x57F;.,</subfield>
    <subfield code="c">2005</subfield>
  </datafield>
  <datafield tag="300" ind1=" " ind2=" ">
    <subfield code="a">395 &#x567;&#x57B;;</subfield>
    <subfield code="c">21 &#x57D;&#x574;</subfield>
  </datafield>
  <datafield tag="650" ind1=" " ind2=" ">
    <subfield code="a">&#x538;&#x576;&#x57F;&#x561;&#x576;&#x565;&#x56F;&#x561;&#x576; &#x56B;&#x580;&#x561;&#x57E;&#x578;&#x582;&#x576;&#x584;</subfield>
  </datafield>
  <datafield tag="700" ind1=" " ind2=" ">
    <subfield code="4">edt.</subfield>
    <subfield code="a">&#x532;&#x561;&#x580;&#x57D;&#x565;&#x572;&#x575;&#x561;&#x576; &#x53F;.</subfield>
    <subfield code="e">&#x56D;&#x574;&#x562;.</subfield>
  </datafield>
  <datafield tag="942" ind1=" " ind2=" ">
    <subfield code="2">udc</subfield>
    <subfield code="c">BK</subfield>
  </datafield>
  <datafield tag="952" ind1=" " ind2=" ">
    <subfield code="0">0</subfield>
    <subfield code="1">0</subfield>
    <subfield code="2">udc</subfield>
    <subfield code="4">0</subfield>
    <subfield code="7">0</subfield>
    <subfield code="8">&#x533;&#x580;&#x561;&#x57A;&#x561;&#x570;&#x578;&#x581;</subfield>
    <subfield code="a">SEM</subfield>
    <subfield code="b">SEM</subfield>
    <subfield code="d">2014-11-16</subfield>
    <subfield code="g">3000.00</subfield>
    <subfield code="j">127</subfield>
    <subfield code="l">0</subfield>
    <subfield code="o">347.61(47.925)(075.8)/&#x542;-46</subfield>
    <subfield code="p">21488</subfield>
    <subfield code="r">2014-11-16</subfield>
    <subfield code="w">2014-11-16</subfield>
    <subfield code="y">BK</subfield>
    <subfield code="z">&#x54D;&#x57A;&#x561;&#x57D;&#x561;&#x580;&#x56F;&#x57E;&#x578;&#x582;&#x574; &#x567; &#x568;&#x576;&#x569;&#x565;&#x580;&#x581;&#x561;&#x57D;&#x580;&#x561;&#x570;</subfield>
  </datafield>
</record>
